000 00382nam a2200133Ia 4500
008 100328s9999 xx 000 0 und d
082 _b65218
100 _aभावे राम.
245 _aभावलेली माणस.
260 _bशिवमे.
630 _aभावलेली माणस.
730 _aभावलेली माणस.
942 _cBOOK
999 _c550966
_d550963